01469nam a2200265 a 4500001001000000005001700010008004100027041000800068044000700076084002100083100004500104245009500149260004800244300002400292500024800316500010500564500016700669500012000836500001000956650005200966650005601018650003401074650004501108740005001153BRCA_265520190320203917.0011208s1882----fr-a---###---#000-0dspa-u aspa afr a197b.G376c18821 aCervantes Saavedra, Miguel ded1547-161610aEl Ingenioso Hidalgo Don Quijote de la Manchaccompuesto por Miguel de Cervantes Saavedra. aParísbLibreria de Garnier Hermanosc1882 a772 p.bil.c18 cm. aContenido : Primera parte. Retrato de Cervantes. Vida de Cervantes refundición de la escrita por Aribau. Dedicatoria del autor. Prólogo del autor. Versos preliminares. Texto. Segunda parte. Dedicatoria del autor. Prólogo del autor. Texto aEdición : Conforme la última corregida por la Academia Española, con la vida del autor y notas aReproducción de la edición de 1879 de los mismos editpres. Tela; lomera y planos adornados. Ejemplar falto de 2 páginas al final de la obra Lúdovik Osterc aEstado físico : Presenta hojas desprendidas al principio y al final. Anotaciones manuscritas en la falsaq portada aQM18914aNovela españolayÉpoca clásica, 1500-170014aLiteratura españolayÉpoca clásica, 1500-170014aNovela españolaySiglo XVII14aDon Quijote (Personaje ficticio)eNovela0 aEl Ingenioso Hidalgo Don Quijote de la Mancha